Transformacion curricular : organizacion e integracion de los contenidos (Registro nro. 393994)

Detalles MARC
001 - NÚMERO DE CONTROL
campo de control 984666
005 - FECHA Y HORA DE LA ÚLTIMA TRANSACCIÓN
campo de control 20251209154932.0
008 - DATOS DE LONGITUD FIJA--INFORMACIÓN GENERAL
campo de control de longitud fija 060718s1999 spa
035 ## - NÚMERO DE CONTROL DEL SISTEMA
Número de control de sistema 984666
035 ## - NÚMERO DE CONTROL DEL SISTEMA
Número de control de sistema (OCoLC)820357141
040 ## - FUENTE DE LA CATALOGACIÓN
Centro/agencia transcriptor comduadb
041 ## - CÓDIGO DE LENGUA
Código de lengua del texto/banda sonora o título independiente spa
100 10 - ENTRADA PRINCIPAL--NOMBRE DE PERSONA
Nombre de persona Bedoya Madrid, José Iván,
Código de función aut
Término indicativo de función/relación Autor/a
9 (RLIN) 497683
245 10 - MENCIÓN DE TÍTULO
Título Transformacion curricular : organizacion e integracion de los contenidos
650 ## - PUNTO DE ACCESO ADICIONAL DE MATERIA--TÉRMINO DE MATERIA
Término de materia o nombre geográfico como elemento de entrada Reforma curricular
9 (RLIN) 3102
650 ## - PUNTO DE ACCESO ADICIONAL DE MATERIA--TÉRMINO DE MATERIA
Término de materia o nombre geográfico como elemento de entrada Desconstrucción
9 (RLIN) 31408
650 ## - PUNTO DE ACCESO ADICIONAL DE MATERIA--TÉRMINO DE MATERIA
Término de materia o nombre geográfico como elemento de entrada Currículo universitario
9 (RLIN) 40696
650 #0 - PUNTO DE ACCESO ADICIONAL DE MATERIA--TÉRMINO DE MATERIA
Término de materia o nombre geográfico como elemento de entrada Proceso enseñanza-aprendizaje
9 (RLIN) 24864
773 0# - ENLACE AL DOCUMENTO FUENTE/ENTRADA DE REGISTRO ANFITRIÓN
Título Debates (Medellín)
Parte(s) relacionada(s) Número 27, Agosto 1999, p. 10-14
Número de control del registro 628405
Número Internacional Estándar del Libro 1657429X
Número bibliográfico anfitrión 162056
942 ## - ELEMENTOS DE ENTRADA AGREGADA (KOHA)
Tipo de ítem Koha Artículo de Revista

No hay ítems disponibles.